Mariscales del imperio frances - Estadísticas

Estadísticas generales
  • Esta prueba ha sido intentada 55 veces
  • La puntuación promedio es 19 de 26
Estadísticas de respuestas
Hint Respuesta % Correcto
14 Joaquín Murat
90%
3 Alexandre Berthier
80%
4 Jean-Baptiste Bessieres
80%
18 Jean-de-Dieu Soult
80%
15 Michel Ney
80%
11 André Masséna
70%
21 Auguste de Marmont
70%
12 Bon-Adrien Jeannot de Moncey
70%
16 Catherine-Dominique de Perignon
70%
1 Charles Augereau
70%
8 Christophe de Kellermann
70%
13 Edouard Mortier
70%
26 Emmanuel de Grouchy
70%
20 Etienne Macdonald
70%
10 François Joseph Lefebvre
70%
5 Guillaume Brune
70%
2 Jean-Baptiste Bernadotte
70%
7 Jean-Baptiste Jourdan
70%
9 Jean Lannes
70%
17 Jean-Mathieu-Philibert Serurier
70%
25 Józef Poniatowski
70%
24 Laurent de Gouvion-Saint-Cyr
70%
23 Louis Gabriel Suchet
70%
6 Louis-Nicolas Davout
70%
22 Nicolas Oudinot
70%
19 Claude Victor-Perrin
60%
No se encontraron pruebas coincidentes
Distribución de puntuación
Porcentaje de gente con cada puntuación
Porcentaje por número respondido
Historial de tus puntuaciones
No has intentado esta prueba.